header

Housing decisions in later life (Record no. 102216)

MARC details
000 -LEADER
fixed length control field 01276nam a22003134a 4500
082 04 - DEWEY DECIMAL CLASSIFICATION NUMBER
Classification number 363.5/946/0941
245 00 - TITLE STATEMENT
Title Housing decisions in later life
260 ## - PUBLICATION, DISTRIBUTION, ETC. (IMPRINT)
Place of publication Houndmills, Basingstoke, Hampshire ;
-- New York, N.Y. :
Name of publisher Palgrave Macmillan,
Year of publication 2004.
300 ## - PHYSICAL DESCRIPTION
Number of Pages xi, 255 p.
650 #0 - SUBJECT ADDED ENTRY--TOPICAL TERM
Topical Term Older people
Topical Term Housing
700 1# - ADDED ENTRY--PERSONAL NAME
Personal name Clough, Roger.
856 40 - ELECTRONIC LOCATION AND ACCESS
Uniform Resource Identifier http://site.ebrary.com/lib/rucke/Doc?id=10103775

No items available.

© 2026 Rongo University
Contact us: librarian | system librarian | Rongo university